Revitalizácia školského areálu

Guardado en:
Detalles Bibliográficos
Autor principal: Pritzová, Simona (Autor)
Otros Autores: Marko, Ivana (Orientador)
Formato: Manuscrito Libro
Lenguaje:eslovaco
Publicado: 2022
Materias:
Acceso en línea:http://is.stuba.sk/zp/portal_zp.pl?podrobnosti=169892
https://opac.crzp.sk/?fn=detailBiblioForm&sid=D9F0BB0A8DA9926980A891D31B33
Etiquetas: Agregar Etiqueta
Sin Etiquetas, Sea el primero en etiquetar este registro!

MARC

LEADER 00000ntm a22000003a 4500
001 stuzp88727
003 SK-STU
005 20230509145025.1
007 ta
008 150427s2015----xo-----f-mn---000-0-slo-d
040 |a STU  |b slo 
041 0 |a slo 
100 1 |a Pritzová, Simona  |u 010280  |4 aut  |U SvF Stavebná fakulta  |T SvF Katedra zdravotného inžinierstva  |X 93813  |U V280  |Y 29  |7 93813 
242 0 1 |a Revitalization of the school area  |y eng 
245 1 0 |a Revitalizácia školského areálu 
260 |c 2022 
650 4 |a Hospodárenie s dažďovou vodou  |2 slo 
650 4 |a povrchový odtok  |2 slo 
650 4 |a revitalizácia  |2 slo 
650 4 |a Rainwater management  |2 eng 
650 4 |a surface runoff  |2 eng 
650 4 |a revitalization  |2 eng 
700 1 |a Marko, Ivana  |4 ths  |X 56732  |7 56732 
856 4 |u http://is.stuba.sk/zp/portal_zp.pl?podrobnosti=169892 
856 4 |u https://opac.crzp.sk/?fn=detailBiblioForm&sid=D9F0BB0A8DA9926980A891D31B33